01223cam a22003255i 450000100090000000300090000900500170001800800410003502000310007602000280010704000430013508200170017810000340019524500970022925000200032626400510034626400100039730000700040733600260047733700280050333800270053150400520055865000320061065300250064265500170066770000300068494200120071499900170072695201540074316973673EG-ScBUE20260312102448.0110923t2011 njua f b 001 0 eng d a9780470570951 (alk. paper) a0470570954 (alk. paper) aEG-ScBUEbengerdacEG-ScBUEdEG-ScBUE04a572bVOE2221 aVoet, Donald,938418eauthor.10aBiochemistry /cDonald Voet, University of Pennsylvania, Judith G. Voet, Swarthmore College. aFourth edition. 1aHoboken, NJ :bJohn Wiley & Sons, INC,c[2011] 4cc2011 a1 volume (various pagings) :billustrations (some color) ;c29 cm 2rdacontentatextbtxt 2rdamediaaunmediatedbn 2rdacarrieravolumebnc aIncludes bibliographical references and index.  7aBiochemistry.2BUEsh918368 bPPhrmcSeptember2015 vReading book1 aVoet, Judith G.,eauthor. 2ddccBB c20803d20775 00102ddc40708BaccahaMAINbMAINc1STd2015-09-01ePurchaseg960.00h23317l3m3o572 VOEp000039560r2025-07-15 00:00:00s2019-12-10v1200.00yBB